Monetárna politika FEDu v nadväznosti na globálnu finančnú krízu bakalárska práca

Gespeichert in:
Bibliographische Detailangaben
1. Verfasser: Zezulková, Monika
Körperschaft: Fakulta medzinárodných vzťahov EU. Katedra medzinárodných ekonomických vzťahov a hospodárskej diplomacie
Weitere Verfasser: Čas, Marcel
Format: Buch
Sprache:Slowakisch
Veröffentlicht: Bratislava 2017
Tags: Tag hinzufügen
Keine Tags, Fügen Sie das erste Tag hinzu!

MARC

LEADER 00000nbm a2200000 4500
001 0232115
005 20180221153015.6
041 0 |a slo 
044 |a SK 
245 1 0 |a Monetárna politika FEDu v nadväznosti na globálnu finančnú krízu  |b bakalárska práca  |c Monika Zezulková ; školiteľ: Marcel Čas 
264 1 |a Bratislava  |c 2017 
300 |a 43 s. 
100 1 |a Zezulková, Monika 
700 1 |a Čas, Marcel 
710 2 |a Fakulta medzinárodných vzťahov EU. Katedra medzinárodných ekonomických vzťahov a hospodárskej diplomacie